Bundesliga players 2023/24 - Statistics

General Stats
  • This quiz has been taken 6 times
  • The average score is 203 of 494
Answer Stats
Rank Player Positions Nationality Matches Goals Assists Clubs % Correct
12 Álex Grimaldo DF 33 10 13
100%
351 Andreas Müller MF 11 0 0
100%
428 Elias Baum DF, MF 4 0 0
100%
313 Jannik Müller DF, MF 16 0 0
100%
4 Kevin Müller GK 34 0 0
100%
5 Loïs Openda FW 34 24 7
100%
482 Marcus Müller MF 1 0 0
100%
7 Noah Atubolu GK 34 0 0
100%
84 Thomas Müller MF, FW 31 5 9
100%
86 Alexander Nübel GK 30 0 0
83%
87 Andrej Kramarić MF, FW 30 15 6
83%
37 Angelo Stiller MF 32 1 5
83%
63 Benjamin Šeško FW 31 14 2
83%
39 Castello Lukeba DF 32 1 0
83%
1 Chris Führich MF, FW 34 8 7
83%
40 Christoph Baumgartner MF, FW 32 5 1
83%
64 David Raum DF, MF, FW 31 2 8
83%
177 Dayot Upamecano DF 25 1 0
83%
91 Deniz Undav MF, FW 30 18 10
83%
143 Donyell Malen MF, FW 27 13 1
83%
330 Elif Elmas MF, FW 14 0 0
83%
331 Emil Forsberg MF, FW 14 2 1
83%
320 Eric Dier DF, MF 15 0 0
83%
18 Ermedin Demirović MF, FW 33 15 9
83%
93 Florian Grillitsch DF, MF 30 1 6
83%
42 Florian Wirtz MF, FW 32 11 11
83%
20 Frederik Rønnow GK 33 0 0
83%
147 Gregor Kobel GK 27 0 0
83%
44 Harry Kane FW 32 36 8
83%
162 Hiroki Ito DF 26 0 2
83%
312 Ian Maatsen DF, MF, FW 16 2 2
83%
304 Jakub Kamiński DF, MF, FW 17 0 2
83%
202 Jamal Musiala MF, FW 24 10 5
83%
69 Jeremie Frimpong DF, MF, FW 31 9 7
83%
46 Jonas Hofmann MF, FW 32 5 7
83%
3 Jonas Wind MF, FW 34 11 7
83%
71 Jonathan Tah DF 31 4 1
83%
133 Joshua Kimmich DF, MF 28 1 6
83%
278 Josip Stanišić DF 20 3 1
83%
47 Julian Brandt MF, FW 32 7 11
83%
266 Julian Ryerson DF, MF 21 4 1
83%
50 Kevin Trapp GK 32 0 0
83%
306 Kingsley Coman MF, FW 17 3 3
83%
98 Leon Goretzka MF 30 6 7
83%
150 Leroy Sané MF, FW 27 8 11
83%
24 Lukáš Hrádecký GK 33 0 0
83%
225 Manuel Neuer GK 23 0 0
83%
170 Marco Reus MF, FW 26 6 8
83%
251 Matthijs de Ligt DF 22 2 0
83%
103 Maximilian Arnold MF 30 2 1
83%
229 Nadiem Amiri MF, FW 23 1 4
83%
80 Niclas Füllkrug FW 31 12 8
83%
297 Noussair Mazraoui DF 19 0 3
83%
8 Oliver Baumann GK 34 0 1
83%
283 Patrik Schick MF, FW 20 7 0
83%
342 Péter Gulácsi GK 13 0 0
83%
123 Philipp Hofmann FW 29 4 2
83%
310 Ramy Bensebaini DF 17 0 0
83%
285 Raphaël Guerreiro DF, MF, FW 20 3 0
83%
107 Ritsu Doan DF, MF, FW 30 7 2
83%
109 Robin Zentner GK 30 0 0
83%
11 Rocco Reitz MF 34 6 3
83%
372 Stefan Bell DF 10 0 0
83%
363 Sven Ulreich GK 11 0 0
83%
111 Tuta DF 30 1 2
83%
57 Vincenzo Grifo MF, FW 32 8 8
83%
35 Waldemar Anton DF, MF 33 0 3
83%
36 Willian Pacho DF 33 0 3
83%
299 Willi Orban DF 19 0 0
83%
58 Xavi Simons MF, FW 32 8 11
83%
141 Yussuf Poulsen MF, FW 28 5 2
83%
217 Adrian Beck MF, FW 23 1 1
67%
142 Alassane Pléa MF, FW 27 7 4
67%
291 Aleksandar Pavlovic MF 19 2 2
67%
112 Alphonso Davies DF 29 2 5
67%
13 Anton Stach MF 33 2 3
67%
14 Atakan Karazor DF, MF 33 0 4
67%
389 Attila Szalai DF 7 0 0
67%
15 Benjamin Henrichs DF, MF 33 1 5
67%
293 Dan-Axel Zagadou DF 19 1 0
67%
130 Edmond Tapsoba DF 28 0 1
67%
66 Enzo Millot MF, FW 31 5 4
67%
146 Eric Maxim Choupo-Moting MF, FW 27 2 2
67%
43 Franck Honorat DF, FW 32 3 9
67%
352 Gio Reyna MF, FW 11 0 0
67%
296 Gonçalo Paciência MF, FW 19 3 1
67%
332 Hugo Ekitike FW 14 4 2
67%
45 Ihlas Bebou DF, MF, FW 32 7 5
67%
333 Jadon Sancho MF, FW 14 2 2
67%
181 Jamie Gittens MF, FW 25 1 4
67%
2 Jamie Leweling MF, FW 34 4 4
67%
262 Janis Blaswich GK 21 0 0
67%
68 Jan-Niklas Beste DF, MF, FW 31 8 11
67%
264 Jonathan Burkardt MF, FW 21 8 2
67%
73 Junior Dina Ebimbe DF, MF 31 5 3
67%
267 Karim Adeyemi MF, FW 21 3 1
67%
148 Keven Schlotterbeck DF, FW 27 5 1
67%
166 Kevin Kampl MF 26 1 0
67%
49 Kevin Stöger MF, FW 32 7 10
67%
184 Koen Casteels GK 25 0 0
67%
279 Ko Itakura DF, MF 20 3 0
67%
115 Konrad Laimer DF, MF 29 0 3
67%
302 Kristijan Jakić DF, MF 18 2 1
67%
52 Lovro Majer MF, FW 32 5 5
67%
185 Lukas Klostermann DF 25 1 0
67%
25 Manuel Riemann GK 33 0 0
67%
186 Marcel Sabitzer DF, MF, FW 25 4 3
67%
100 Mario Götze MF, FW 30 3 2
67%
26 Marvin Ducksch FW 33 12 9
67%
6 Marvin Schwäbe GK 34 0 0
67%
102 Mathys Tel MF, FW 30 7 5
67%
227 Matthias Ginter DF, MF 23 0 2
67%
209 Max Finkgräfe DF, FW 24 1 0
67%
79 Maximilian Mittelstädt DF, MF, FW 31 2 4
67%
381 Mergim Berisha FW 8 0 0
67%
53 Michael Gregoritsch MF, FW 32 7 4
67%
54 Mohamed Simakan DF 32 2 3
67%
154 Moritz Nicolas GK 27 0 0
67%
211 Nathan Tella DF, MF, FW 24 5 2
67%
105 Nick Woltemade MF, FW 30 2 0
67%
106 Nico Elvedi DF 30 2 1
67%
29 Nico Schlotterbeck DF 33 2 1
67%
230 Niklas Süle DF 23 1 0
67%
121 Omar Marmoush MF, FW 29 12 6
67%
9 Patrick Mainka DF 34 2 0
67%
122 Pavel Kadeřábek DF, FW 29 3 4
67%
174 Piero Hincapié DF, MF 26 1 2
67%
462 Randal Kolo Muani FW 2 1 0
67%
138 Robert Andrich DF, MF 28 4 2
67%
344 Robert Gumny DF 13 0 0
67%
192 Robert Skov DF, MF, FW 25 3 4
67%
83 Ruben Vargas MF, FW 31 4 5
67%
235 Salih Özcan MF 23 0 0
67%
336 Sébastien Haller FW 14 0 1
67%
371 Serge Gnabry DF, MF, FW 10 3 1
67%
139 Serhou Guirassy FW 28 28 3
67%
385 Thomas Meunier DF 8 0 0
67%
34 Tim Kleindienst DF, FW 33 12 3
67%
236 Victor Boniface FW 23 14 8
67%
216 Adam Hložek MF, FW 23 2 3
50%
377 Alexander Meyer GK 8 0 0
50%
195 Alex Král MF 24 0 0
50%
256 Amadou Haidara MF, FW 21 2 1
50%
219 Amine Adli MF, FW 23 4 6
50%
388 Amos Pieper DF 7 0 0
50%
273 András Schäfer MF 20 1 2
50%
318 Andreas Hanche-Olsen DF 15 1 0
50%
59 Ansgar Knauff DF, MF, FW 31 7 2
50%
60 Anthony Caci DF 31 2 3
50%
62 Anthony Losilla MF 31 1 2
50%
38 Arne Engels DF, MF 32 3 2
50%
238 Arne Maier MF 22 2 4
50%
88 Aurélio Buta DF, MF 30 1 1
50%
16 Bernardo DF, MF 33 1 0
50%
319 Christian Günter DF, MF 15 1 2
50%
328 Christoph Kramer MF 14 0 0
50%
426 Daniel Batz GK 4 0 0
50%
257 Dani Olmo MF, FW 21 4 5
50%
158 Dejan Ljubicic MF, FW 26 0 2
50%
41 Diogo Leite DF 32 0 0
50%
65 Dominik Kohr DF, MF 31 1 0
50%
144 Ellyes Skhiri MF 27 2 2
50%
179 Emre Can DF, MF 25 2 2
50%
17 Eren Dinkçi MF, FW 33 10 5
50%
199 Exequiel Palacios MF 24 4 4
50%
200 Felix Agu DF, MF 24 0 0
50%
276 Felix Nmecha MF, FW 20 1 2
50%
67 Finn Dahmen GK 31 0 0
50%
242 Finn Ole Becker MF 22 0 0
50%
19 Florian Kainz MF, FW 33 5 4
50%
180 Florian Neuhaus MF 25 4 2
50%
21 Granit Xhaka DF, MF 33 3 0
50%
132 Grischa Prömel MF 28 4 5
50%
114 Hugo Larsson MF 29 2 1
50%
201 Ivan Ordets DF 24 1 0
50%
245 Jan Thielmann DF, MF, FW 22 1 0
50%
94 Jeffrey Gouweleeuw DF 30 1 0
50%
95 Jens Stage MF 30 3 1
50%
476 Jesper Lindstrøm MF, FW 1 0 0
50%
70 Joe Scally DF 31 1 4
50%
399 Jonas Omlin GK 7 0 1
50%
300 Josha Vagnoman DF 18 2 2
50%
265 Josip Juranović DF 21 0 2
50%
48 Julian Chabot DF 32 0 0
50%
72 Julian Weigl DF, MF 31 2 3
50%
454 Julien Duranville MF, FW 2 0 0
50%
203 Justin Njinmah FW 24 6 2
50%
204 Karim Onisiwo MF, FW 24 1 3
50%
305 Kevin Akpoguma DF, FW 17 0 0
50%
74 Kevin Behrens FW 31 5 1
50%
183 Kim Min-jae DF 25 1 1
50%
75 Leandro Barreiro Martins MF 31 4 1
50%
307 Leart Paqarada DF 17 0 0
50%
117 Lennard Maloney MF 29 1 1
50%
401 Leonardo Bonucci DF 7 1 0
50%
323 Leonidas Stergiou DF 15 1 0
50%
99 Luca Netz DF, FW 30 0 4
50%
23 Lucas Höler MF, FW 33 7 2
50%
168 Ludovic Ajorque MF, FW 26 2 0
50%
442 Lukas Nmecha MF, FW 3 1 0
50%
341 Mahmoud Dahoud MF 13 1 0
50%
77 Marcel Schuhen GK 31 0 0
50%
187 Marco Friedl DF, MF 25 1 0
50%
250 Marius Wolf DF, MF, FW 22 0 1
50%
356 Mark Uth MF, FW 11 0 1
50%
484 Matej Kovar GK 1 0 0
50%
171 Matej Maglica DF 26 1 0
50%
226 Mathias Honsak MF, FW 23 1 1
50%
188 Mats Hummels DF 25 3 0
50%
27 Maximilian Beier MF, FW 33 16 1
50%
28 Maximilian Eggestein MF 33 1 2
50%
190 Maximilian Wöber DF 25 2 3
50%
402 Maxim Leitsch DF 7 0 0
50%
228 Miloš Veljković DF 23 2 1
50%
104 Mitchell Weiser DF, MF, FW 30 3 7
50%
55 Nathan N'Goumou MF, FW 32 5 2
50%
269 Nicolas Seiwald MF 21 0 2
50%
309 Niklas Stark DF, MF 17 2 0
50%
460 Nnamdi Collins DF 2 0 0
50%
253 Odilon Kossounou DF 22 1 0
50%
490 Oliver Burke MF, FW 1 0 0
50%
81 Omar Traoré DF 31 0 2
50%
137 Ozan Kabak DF 28 4 0
50%
231 Pascal Stenzel DF, MF 23 0 5
50%
324 Philipp Lienhart DF 15 1 0
50%
233 Phillipp Mwene DF, MF 23 1 2
50%
10 Phillip Tietz FW 34 8 4
50%
298 Rafael Borré MF, FW 19 4 0
50%
31 Ridle Baku DF, MF, FW 33 1 0
50%
214 Robin Knoche DF 24 1 0
50%
82 Robin Koch DF, MF 31 2 0
50%
155 Roland Sallai MF, FW 27 3 2
50%
32 Romano Schmid MF, FW 33 4 6
50%
286 Sargis Adamyan MF, FW 20 1 2
50%
287 Sebastiaan Bornauw DF 20 0 0
50%
56 Senne Lynen MF 32 0 3
50%
33 Sepp van den Berg DF 33 3 0
50%
361 Sheraldo Becker MF, FW 11 0 1
50%
156 Silas Katompa DF, MF, FW 27 5 2
50%
288 Silvan Widmer DF, MF, FW 20 1 3
50%
325 Stefan Lainer DF, MF 15 0 1
50%
85 Timo Hübers DF 31 0 0
50%
337 Tim Siersleben DF 14 0 0
50%
272 Tomáš Čvančara FW 21 4 1
50%
445 Tomáš Koubek GK 3 0 0
50%
346 Tom Bischof MF, FW 13 0 2
50%
140 Wout Weghorst FW 28 7 3
50%
127 Xaver Schlager MF 29 0 5
50%
194 Yannick Gerhardt DF, MF, FW 25 2 1
50%
290 Youssoufa Moukoko MF, FW 20 5 0
50%
446 Yvandro Borges Sanches MF, FW 3 0 0
50%
218 Aïssa Laïdouni MF 23 0 3
33%
237 Anthony Rouault DF 22 0 2
33%
448 Antonios Papadopoulos DF, MF 2 0 0
33%
196 Aster Vranckx MF 24 0 0
33%
338 Aymen Barkok DF, MF, FW 13 1 0
33%
128 Benedict Hollerbach MF, FW 28 5 0
33%
450 Bouna Sarr DF 2 0 0
33%
129 Brajan Gruda MF, FW 28 4 3
33%
89 Brenden Aaronson MF, FW 30 2 2
33%
220 Cedric Zesiger DF 23 0 0
33%
176 Christopher Antwi-Adjei MF, FW 25 2 2
33%
157 Christopher Trimmel DF, MF, FW 26 0 2
33%
90 Christoph Klarer DF 30 2 2
33%
240 Cristian Gamboa DF, MF 22 0 1
33%
471 Daniel Peretz GK 1 0 0
33%
198 Danilho Doekhi DF 24 2 0
33%
294 Danny da Costa DF, FW 19 0 1
33%
159 Denis Huseinbasic MF, FW 26 0 3
33%
258 Denis Thomalla MF, FW 21 0 0
33%
437 Dennis Geiger MF 3 0 0
33%
259 Edimilson Fernandes DF, MF, FW 21 0 2
33%
178 Elvis Rexhbeçaj MF, FW 25 2 0
33%
113 Erhan Mašović DF, MF 29 0 0
33%
92 Eric Martel MF 30 1 1
33%
429 Fabian Bredlow GK 4 0 0
33%
131 Fares Chaïbi MF, FW 28 2 4
33%
367 Florent Muslija MF, FW 10 0 0
33%
431 Frans Krätzig DF 4 0 0
33%
244 Fredrik Jensen MF, FW 22 2 4
33%
353 Hrvoje Smolčić DF 11 1 0
33%
222 Iago DF, MF 23 1 1
33%
397 Jacob Christensen MF 7 0 0
33%
379 Jean Mattéo Bahoya MF, FW 8 0 0
33%
164 Jeong Woo-yeong MF, FW 26 2 3
33%
223 Jérôme Roussillon DF 23 0 1
33%
398 Jiří Pavlenka GK 7 0 0
33%
96 Joakim Mæhle DF, MF 30 2 3
33%
263 John Brooks DF 21 2 0
33%
22 Jonas Föhrenbach DF 33 0 0
33%
478 Jonathan Asp Jensen FW 1 0 0
33%
277 Jordy Makengo DF 20 0 0
33%
355 Julián Malatini DF 11 1 0
33%
416 Kenneth Schmidt DF 5 0 0
33%
134 Kevin Paredes MF, FW 28 3 0
33%
167 Kevin Volland MF, FW 26 3 4
33%
407 Kilian Fischer DF, MF, FW 6 0 0
33%
149 Kiliann Sildillia DF, MF 27 0 1
33%
116 Lee Jae-sung MF, FW 29 6 3
33%
340 Luca Kilian DF 13 0 0
33%
224 Lucas Tousart MF 23 0 0
33%
248 Luca Waldschmidt MF, FW 22 3 0
33%
169 Lukas Kübler DF, MF 26 1 0
33%
432 Lukas Ullrich DF, FW 4 0 0
33%
151 Mads Pedersen DF, MF 27 1 1
33%
152 Manuel Gulde DF 27 1 0
33%
249 Manu Koné MF 22 1 0
33%
314 Marnon Busch DF, MF 16 0 0
33%
78 Marvin Pieringer MF, FW 31 3 3
33%
189 Mattias Svanberg MF, FW 25 1 3
33%
208 Matúš Bero MF, FW 24 1 1
33%
135 Maxence Lacroix DF 28 4 1
33%
153 Michael Zetterer GK 27 0 0
33%
172 Moritz Broschinski MF, FW 26 2 3
33%
419 Naby Keïta MF, FW 5 0 0
33%
136 Nicolas Höfler MF 28 1 1
33%
119 Niels Nkounkou DF, MF 29 3 2
33%
270 Niklas Dorsch MF 21 0 0
33%
191 Norman Theuerkauf DF, MF 25 0 1
33%
30 Ohis Felix Uduokhai DF 33 2 0
33%
120 Olivier Deman DF 29 2 1
33%
213 Patrick Osterhage MF 24 2 1
33%
335 Patrick Wimmer MF, FW 14 2 0
33%
403 Paxten Aaronson DF, MF 7 0 1
33%
232 Philipp Max DF, MF 23 1 2
33%
234 Rasmus Carstensen DF, FW 23 0 0
33%
108 Robin Gosens DF, MF, FW 30 6 3
33%
124 Robin Hack MF, FW 29 10 2
33%
422 Sasa Kalajdzic FW 5 0 1
33%
384 Sebastian Rode MF 8 0 0
33%
362 Stanley N'Soki DF 11 0 0
33%
315 Stefan Schimmer MF, FW 16 0 1
33%
193 Steffen Tigges MF, FW 25 3 0
33%
125 Takuma Asano MF, FW 29 6 1
33%
175 Tiago Tomás MF, FW 26 1 1
33%
289 Umut Tohumcu DF, MF 20 0 2
33%
255 Václav Černý MF, FW 22 4 1
33%
347 Yorbe Vertessen MF, FW 13 3 2
33%
447 Aljoscha Kemlein MF 2 0 0
17%
327 Amin Sarr MF, FW 14 0 0
17%
467 Andreas Luthe GK 1 0 0
17%
61 Anthony Jung DF, MF, FW 31 1 0
17%
436 Anwar El Ghazi MF, FW 3 0 1
17%
390 Bambasé Conté MF, FW 7 0 0
17%
197 Benedikt Gimber DF 24 1 1
17%
449 Borna Sosa DF, MF, FW 2 0 0
17%
392 Bryan Zaragoza MF, FW 7 0 0
17%
292 Christoph Zimmermann DF 19 0 0
17%
364 Damion Downs MF, FW 10 2 0
17%
348 David Datro Fofana MF, FW 12 1 0
17%
339 David Jurásek DF 13 0 1
17%
295 Davie Selke FW 19 6 0
17%
241 Dawid Kownacki MF, FW 22 0 0
17%
472 Diadie Samassékou MF 1 0 0
17%
378 Donny van de Beek MF, FW 8 0 0
17%
405 El Chadaille Bitshiabu DF, MF 6 0 0
17%
221 Fabian Holland DF, MF 23 0 2
17%
260 Fabian Nürnberger DF, MF 21 1 1
17%
373 Fabio Carvalho MF, FW 9 0 0
17%
321 Felix Passlack DF, MF 15 2 2
17%
395 Fraser Hornby MF, FW 7 0 0
17%
452 Genki Haraguchi DF, MF, FW 2 0 0
17%
368 Gerrit Holtmann DF, MF, FW 10 0 0
17%
374 Grant Ranos MF, FW 9 0 0
17%
261 Janik Haberer MF, FW 21 1 1
17%
163 Jan Schöppner MF 26 2 2
17%
369 Jens Petter Hauge MF, FW 10 0 0
17%
354 Josuha Guilavogui DF, MF 11 0 1
17%
322 Junior Adamu MF, FW 15 0 0
17%
400 Justin Diehl MF, FW 7 0 0
17%
182 Kevin Mbabu DF 25 0 2
17%
51 Kevin Vogt DF, MF 32 0 0
17%
455 Kjell-Arik Wätjen MF, FW 2 0 1
17%
118 Leonardo Bittencourt MF, FW 29 1 2
17%
417 Lilian Egloff DF, MF, FW 5 0 0
17%
76 Linton Maina MF, FW 31 1 3
17%
205 Luca Pfeiffer MF, FW 24 1 4
17%
380 Makoto Hasebe DF, MF 8 0 0
17%
281 Marco Richter MF, FW 20 1 0
17%
101 Marius Bülter DF, MF, FW 30 1 4
17%
206 Marvin Friedrich DF 24 0 0
17%
282 Marvin Mehlem MF 20 3 2
17%
443 Mateu Morey DF, MF 3 0 0
17%
334 Maximilian Bauer DF 14 1 0
17%
458 Maximilian Breunig FW 2 0 0
17%
308 Maximilian Philipp MF, FW 17 1 0
17%
268 Maximilian Wittek DF, MF, FW 21 3 1
17%
486 Max Moerstedt DF, FW 1 0 0
17%
210 Merlin Röhl MF, FW 24 2 4
17%
433 Mert Kömür DF, MF 4 1 0
17%
303 Mikkel Kaufmann FW 18 1 0
17%
358 Moritz-Broni Kwarteng FW 11 0 1
17%
252 Moritz Jenz DF 22 0 1
17%
420 Nelson Weiper DF, MF, FW 5 0 0
17%
173 Oscar Vilhelmsson MF, FW 26 4 1
17%
359 Patric Pfeiffer DF 11 0 1
17%
410 Paul Jaeckel DF 6 0 0
17%
375 Pavao Pervan GK 9 0 0
17%
284 Rani Khedira DF, MF 20 0 0
17%
345 Rogério DF, MF 13 1 0
17%
491 Ryan Gravenberch MF 1 0 0
17%
463 Sacha Boey DF 2 0 0
17%
464 Samuel Bamba FW 2 0 0
17%
317 Tim Oermann DF 16 0 0
17%
412 Timothy Chandler DF, MF 6 0 1
17%
387 Timo Werner MF, FW 8 2 0
17%
110 Tim Skarke DF, MF, FW 30 8 0
17%
126 Tom Krauß MF 29 1 2
17%
434 Tony Jantschke DF, MF 4 0 0
17%
326 Yannik Keitel DF, MF 15 1 0
17%
311 Aaron Seydel FW 16 1 0
0%
435 Alexander Brunst GK 3 0 0
0%
466 Alexander Schwolow GK 1 0 0
0%
424 Arthur DF 4 0 2
0%
468 Asaf Arania MF 1 0 0
0%
274 Bartol Franjić MF 20 0 1
0%
469 Bennit Bröger FW 1 0 0
0%
239 Benno Schmitz DF 22 0 1
0%
391 Borja Iglesias FW 7 0 0
0%
425 Braydon Manu MF 4 0 0
0%
393 Chris Bedia MF, FW 7 1 0
0%
275 Christian Groß DF, MF 20 0 1
0%
470 Christian Kühlwetter MF 1 0 1
0%
404 Christopher Lenz DF, MF, FW 6 0 0
0%
329 Clemens Riedel DF 14 0 0
0%
413 Danilo Soares DF 5 0 0
0%
451 David Mamutovic DF, FW 2 0 0
0%
160 Dion Drena Beljo MF, FW 26 2 0
0%
349 Dominique Heintz DF 12 0 0
0%
427 Dženan Pejčinović FW 4 0 0
0%
145 Emir Karic DF 27 0 0
0%
473 Fabian Rüdlin MF 1 0 0
0%
365 Fabian Schnellhardt MF 10 0 0
0%
394 Fabio Chiarodia DF 7 0 0
0%
366 Fabio Torsiello DF, FW 10 0 0
0%
161 Faride Alidou DF, MF, FW 26 4 0
0%
406 Filip Stojilković MF, FW 6 0 0
0%
414 Florian Dietz MF, FW 5 0 0
0%
243 Florian Pick MF, FW 22 0 1
0%
430 Frank Ronstadt DF, MF 4 0 0
0%
396 Gustavo Puerta DF, MF 7 0 0
0%
474 Hendry Blank DF 1 0 0
0%
475 Ilia Gruev MF 1 0 0
0%
438 Irvin Cardona DF, MF, FW 3 0 0
0%
439 Isak Hansen-Aarøen MF 3 0 0
0%
453 Jens Grahl GK 2 0 1
0%
246 Jessic Ngankam MF, FW 22 0 0
0%
477 Joel Imasuen FW 1 0 0
0%
479 Jonathan Norbye MF 1 0 0
0%
165 Jordan Pefok FW 26 5 3
0%
415 Jovan Milošević MF, FW 5 0 0
0%
301 Julian Justvan MF, FW 18 2 2
0%
480 Kasim Nuhu DF 1 0 0
0%
97 Kevin Sessa MF, FW 30 3 0
0%
247 Klaus Gjasula DF, MF 22 0 0
0%
456 Kofi Amoako MF 2 0 0
0%
440 Leon Opitz DF, FW 3 0 0
0%
418 Lovro Zvonarek MF, FW 5 1 0
0%
441 Luca Raimund MF, FW 3 0 0
0%
280 Lukas Daschner MF, FW 20 1 1
0%
481 Mahmut Kücüksahin MF 1 0 0
0%
483 Marko Mladenović MF 1 0 0
0%
457 Masaya Okugawa MF, FW 2 0 0
0%
408 Mathias Olesen MF, FW 6 0 0
0%
485 Matteo Perez Vinlöf FW 1 0 0
0%
207 Matthias Bader DF, MF 24 1 2
0%
357 Merveille Papela DF, MF 11 0 0
0%
487 Miloš Pantović MF, FW 1 1 0
0%
382 Nacho Ferri MF, FW 8 1 0
0%
488 Nathanael Mbuku MF, FW 1 0 0
0%
459 Nicolai Rapp DF, MF 2 0 0
0%
409 Nicolas Cozza DF 6 0 0
0%
271 Nikola Dovedan MF, FW 21 3 1
0%
370 Noah Loosli DF 10 0 0
0%
444 Noah Mbamba MF 3 0 1
0%
212 Noah Weißhaupt DF, MF, FW 24 1 2
0%
489 Nuha Jatta FW 1 0 0
0%
461 Ole Pohlmann MF 2 0 0
0%
383 Patrick Herrmann DF, MF, FW 8 0 0
0%
360 Pep Biel MF, FW 11 0 0
0%
343 Philipp Förster MF, FW 13 0 0
0%
421 Roberto Massimo DF, FW 5 0 0
0%
492 Samuele Di Benedetto MF 1 0 0
0%
376 Sebastian Polter FW 9 0 1
0%
423 Shiō Fukuda MF, FW 5 0 0
0%
493 Simon Zoller MF, FW 1 0 0
0%
411 Skelly Alvero MF 6 1 0
0%
254 Sven Michel MF, FW 22 2 1
0%
350 Thomas Isherwood DF 12 0 0
0%
465 Thomas Keller MF, FW 2 0 0
0%
494 Thorgan Hazard DF, MF, FW 1 0 0
0%
316 Tim Breithaupt MF 16 0 0
0%
386 Tim Drexler DF 8 0 0
0%
215 Tobias Kempe MF, FW 24 3 2
0%
No matching quizzes found
Score Distribution
Percent of People with Each Score
Percentile by Number Answered
Your Score History
You have not taken this quiz